Hani (Record no. 118773)

MARC details
000 -LEADER
fixed length control field 00629nam a2200241 i 4500
001 - CONTROL NUMBER
control field C2-0317768
003 - CONTROL NUMBER IDENTIFIER
control field PPAK
005 - DATE AND TIME OF LATEST TRANSACTION
control field 20180728113839.0
008 - FIXED-LENGTH DATA ELEMENTS--GENERAL INFORMATION
fixed length control field 120926s2011 my |||| ||||| | may d
020 ## - INTERNATIONAL STANDARD BOOK NUMBER
International Standard Book Number 9789830973111
040 ## - CATALOGING SOURCE
Original cataloging agency PPAK
Language of cataloging eng
Transcribing agency PPAK
Description conventions rda
082 04 - DEWEY DECIMAL CLASSIFICATION NUMBER
Classification number 899.233
Edition number 23
090 00 - LOCALLY ASSIGNED LC-TYPE CALL NUMBER (OCLC); LOCAL CALL NUMBER (RLIN)
Classification number (OCLC) (R) ; Classification number, CALL (RLIN) (NR) 899.233
Feature heading NUR
Feature heading G
100 0# - MAIN ENTRY--PERSONAL NAME
Personal name Nurulsham Saidin,
Relator term author
245 10 - TITLE STATEMENT
Title Hani
264 #1 - PRODUCTION, PUBLICATION, DISTRIBUTION, MANUFACTURE, AND COPYRIGHT NOTICE
Place of production, publication, distribution, manufacture Petaling Jaya, Selangor :
Name of producer, publisher, distributor, manufacturer Galeri Ilmu ,
Date of production, publication, distribution, manufacture, or copyright notice 2011
300 ## - PHYSICAL DESCRIPTION
Extent 404 pages ;
Dimensions 18 cm
336 ## - CONTENT TYPE
Source rdacontent
Content type term text
337 ## - MEDIA TYPE
Source rdamedia
Media type term unmediated
338 ## - CARRIER TYPE
Source rdacarrier
Carrier type term volume
650 10 - SUBJECT ADDED ENTRY--TOPICAL TERM
Topical term or geographic name entry element Malay fiction.
942 ## - ADDED ENTRY ELEMENTS (KOHA)
-- dc
Koha item type Book
Holdings
Withdrawn Not for loan Current library Shelving location Date acquired Full call number Barcode Date last seen Koha item type Total Checkouts Date last checked out
    Perpustakaan Alor Setar Pinjaman Dewasa 10/10/2012 899.233 NUR A01390943 09/05/2018 Book    
    Perpustakaan Alor Setar Pinjaman Dewasa 10/10/2012 899.233 NUR A01390944 28/07/2020 Book 2 17/06/2020
    Perpustakaan Baling Pinjaman Dewasa 10/10/2012 899.233 NUR A01390949 09/05/2018 Book    
    Perpustakaan Jitra Pinjaman Dewasa 10/10/2012 899.233 NUR A01390946 09/05/2018 Book    
    Perpustakaan Kulim Pinjaman Dewasa 10/10/2012 899.233 NUR A01390948 09/05/2018 Book    
    Perpustakaan Langkawi Pinjaman Dewasa 10/10/2012 899.233 NUR A01390947 09/05/2018 Book    
    Perpustakaan Merbok Pinjaman Dewasa 10/10/2012 899.233 NUR A01390955 09/05/2018 Book    
    Perpustakaan Pendang Pinjaman Dewasa 10/10/2012 899.233 NUR A01390956 09/05/2018 Book    
    Perpustakaan Sik Pinjaman Dewasa 10/10/2012 899.233 NUR A01390951 09/05/2018 Book    
    Perpustakaan Yan Pinjaman Dewasa 10/10/2012 899.233 NUR A01390950 09/05/2018 Book    
    PD02, Kg. Banggol Besi, Pendang Pinjaman Dewasa 10/10/2012 899.233 NUR A01390954 09/05/2018 Book